=LDR 00000nam 2200000 4500 =001 INLIS000000000056052 =005 20200813090116 =035 ##$$a 0010-0820000193 =007 ta =008 200813###########################0#eng## =020 ##$$a 62 25273 =082 ##$$a 907.2 =084 ##$$a 907.2 Ani a =100 #$$a Editor: Soedjatmoko =245 1#$$a An Introduction to Indonesian Histrograhy =260 ##$$a USA (Amerika) :$b Valley Offset, Inc.,$c 1965 =300 ##$$a 427 Halaman ; $c 25 Cm. =650 #4$$a Sejarah Indonesia-Historiography =520 ##$$a Index: 417-427 =990 ##$$a 28402840